<?xml version='1.0' encoding='UTF-8'?><?xml-stylesheet href='static/style.xsl' type='text/xsl'?><OAI-PMH xmlns="http://www.openarchives.org/OAI/2.0/" xmlns:xsi="http://www.w3.org/2001/XMLSchema-instance" xsi:schemaLocation="http://www.openarchives.org/OAI/2.0/ http://www.openarchives.org/OAI/2.0/OAI-PMH.xsd"><responseDate>2026-04-30T06:56:33Z</responseDate><request verb="GetRecord" identifier="oai:ebiltegia.mondragon.edu:20.500.11984/6027" metadataPrefix="marc">https://ebiltegia.mondragon.edu/oai/request</request><GetRecord><record><header><identifier>oai:ebiltegia.mondragon.edu:20.500.11984/6027</identifier><datestamp>2025-01-24T10:28:09Z</datestamp><setSpec>com_20.500.11984_473</setSpec><setSpec>col_20.500.11984_478</setSpec></header><metadata><record xmlns="http://www.loc.gov/MARC21/slim" xmlns:dcterms="http://purl.org/dc/terms/" xmlns:xsi="http://www.w3.org/2001/XMLSchema-instance" xmlns:doc="http://www.lyncode.com/xoai" xsi:schemaLocation="http://www.loc.gov/MARC21/slim http://www.loc.gov/standards/marcxml/schema/MARC21slim.xsd">
   <leader>00925njm 22002777a 4500</leader>
   <datafield ind2=" " ind1=" " tag="042">
      <subfield code="a">dc</subfield>
   </datafield>
   <datafield ind2=" " ind1=" " tag="720">
      <subfield code="a">Mendikute, Julen</subfield>
      <subfield code="e">author</subfield>
   </datafield>
   <datafield ind2=" " ind1=" " tag="720">
      <subfield code="a">Baskaran, Maider</subfield>
      <subfield code="e">author</subfield>
   </datafield>
   <datafield ind2=" " ind1=" " tag="720">
      <subfield code="a">Aretxabaleta, Laurentzi</subfield>
      <subfield code="e">author</subfield>
   </datafield>
   <datafield ind2=" " ind1=" " tag="720">
      <subfield code="a">Aurrekoetxea, Jon</subfield>
      <subfield code="e">author</subfield>
   </datafield>
   <datafield ind2=" " ind1=" " tag="260">
      <subfield code="c">2022</subfield>
   </datafield>
   <datafield ind2=" " ind1=" " tag="520">
      <subfield code="a">A great effort has been made to quantify the detrimental effect of voids on CFRP, nevertheless, the effect on impact properties has been barely studied and when it has been considered, it has always been for prepeg materials and under low impact energies (&lt; 6 J). This work focuses on the quantification of the effect of voids on the impact properties of NCF plates manufactured by LCM. For this purpose, biaxial (0/90) NCF-Epoxy laminates with different void contents were tested by the drop weight impact method. Four LCM variants were used to obtain plates at different void levels: VARTM with controlled modified capillary number (0.58 ± 0.18 %), RTM with controlled modified capillary number (1.35 ± 0.28 %), uncontrolled RTM (2.44 ± 0.14 %), and WCM (4.34 ± 0.31 %). The high void content samples (WCM) recorded a reduction of 25.88% in ultimate fibre failure force Fff, and 9.57% in dissipated energy Edis as compared to the low void content samples (VARTM-Caopt*). Regarding the analysis of damage tolerance, the loss of stiffness after impacts ranging from 2.5 J to 20 J was studied. A slightly higher loss was observed in WCM plates compared to VARTM-Caopt*, the residual stiffness after 20 J impacts being 45.8% and 49.1%, respectively. Therefore, to achieve optimum impact properties it is necessity to develop controlled LCM manufacturing processes that approach zero-defect manufacturing.</subfield>
   </datafield>
   <datafield ind1="8" ind2=" " tag="024">
      <subfield code="a">0263-8223</subfield>
   </datafield>
   <datafield ind1="8" ind2=" " tag="024">
      <subfield code="a">https://katalogoa.mondragon.edu/janium-bin/janium_login_opac.pl?find&amp;ficha_no=168090</subfield>
   </datafield>
   <datafield ind1="8" ind2=" " tag="024">
      <subfield code="a">https://hdl.handle.net/20.500.11984/6027</subfield>
   </datafield>
   <datafield tag="653" ind2=" " ind1=" ">
      <subfield code="a">Liquid Composite Moulding</subfield>
   </datafield>
   <datafield tag="653" ind2=" " ind1=" ">
      <subfield code="a">Void content</subfield>
   </datafield>
   <datafield tag="653" ind2=" " ind1=" ">
      <subfield code="a">Impact properties</subfield>
   </datafield>
   <datafield ind2="0" ind1="0" tag="245">
      <subfield code="a">Effect of voids on the impact properties of Non-Crimp fabric carbon/epoxy laminates manufactured by liquid composite Moulding</subfield>
   </datafield>
</record></metadata></record></GetRecord></OAI-PMH>